00563nam a2200193Ia 450000500170000000800410001702000150005808200130007310000140008624500670010026000280016730000170019565000130021265000140022565000140023994200060025395200950025999900150035420241004044619.0240331s9999 xx 000 0 und d a0415086868 bCHAa820 aGreene, G 0aChanging subjects :bthe making of feminist literary criticism aLondonbRoutledgec1993 aix, 283 p ., aFeminist aCriticism aPolitical cL 001040708LaWERCLbWERCLcSSCd2024-03-31l0o 820 CHAp2043r2024-03-31w2024-03-31yL c3149d3149